| 000 | 00614nam a22001817a 4500 | ||
|---|---|---|---|
| 008 | 151202b xxu||||| |||| 00| 0 eng d | ||
| 020 | _a9780199595402 | ||
| 050 | _aHC 865 .K46 2011 | ||
| 100 |
_aAdam, Christopher S. _d2011. |
||
| 245 |
_aKenya policies for prosperity. _cChristopher S. Adam; Paul Collier; Njuguna S. Ndung'u. |
||
| 260 |
_aNew York: _bOxford press, _cc2011. |
||
| 300 |
_axviii, 428 p. ; _c18cm. |
||
| 500 | _aIncludes index. | ||
| 650 | _aKenya policies. | ||
| 700 | _aCollier, Paul. | ||
| 700 | _aNdung'u, Njuguna S. | ||
| 942 |
_2lcc _cSH_L_BOOKS _hAFR HC 865 .K46 2011 |
||
| 999 |
_c10178 _d10178 |
||